01312nam a22003257a 4500003000400000005001700004008004100021040002200062082001800084100002500102245003000127260006000157300002100217366000800238490002700246505003600273505001200309505006800321505008700389505012100476505001200597650005500609650004700664650004800711650004300759650004500802650005600847650004700903700003600950OSt20230608141232.0221006b |||||||| |||| 00| 0 eng d cBiblioteca Lado V a709.05bG851a aGriffin, Timeeditor aArtforum/bInternacional/ aNew Yorkc2008bNew York editorial and business offices c26.5x27cma324p. espa aEnerov2006x0864-1315 tEditor's LetteraNotes on Jokes tLetters tCOLUMNSaPassages Film Performance Sound Slant Top Ten  tPreviewsaWinter 2008 Exhibitions From the vault International News On the Road tFeaturesaMan with a movie camera 1000 words Paolo Virno A New Geometry Filling the Void Openings Annette Kelm tReviews 2Tesauro de Arte & ArquitecturaaARTE COMTEMPORANEO 2Tesauro de Arte & ArquitecturaaFOTOGRAFIA 2Tesauro de Arte & ArquitecturaaARTE VISUAL 2Tesauro de Arte & ArquitecturaaLIBROS 2Tesauro de Arte & ArquitecturaaNOTICIAS 2 Tesauro de Arte & ArquitecturaaARTE INTERNACIONAL 2 Tesauro de Arte & ArquitecturaaESCULTURA aNavarreta, Jose Antonioeeditor